| 000 | 00695am a2200277a 44500 | ||
|---|---|---|---|
| 003 | AR-BaBNM | ||
| 005 | 20251128211025.0 | ||
| 008 | 122020s1987 #AR|||||||||||000 | esp|| | ||
| 020 | _a950-556-435-X | ||
| 040 | _cAR-BaBNM | ||
| 100 | 1 | _aFreire, Paulo | |
| 245 | 1 | 0 | _aEducación y cambio |
| 250 | _a5ª ed. | ||
| 260 |
_aBuenos Aires _bEdiciones Búsqueda _c1987 |
||
| 300 | _a100 p. | ||
| 490 | 0 | _aEducación hoy | |
| 650 | 4 | _aCAMBIO SOCIAL | |
| 650 | 4 | _aEDUCACION DE ADULTOS | |
| 650 | 4 | _aALFABETIZACION | |
| 650 | 4 | _aTRABAJADORES SOCIALES | |
| 650 | 4 | _aPAPEL DE LA EDUCACION | |
| 650 | 4 | _aROL DEL DOCENTE | |
| 653 | _aEDUCACION POPULAR | ||
| 942 | _cBK | ||
| 998 | _craquel | ||
| 999 |
_c17936 _d17936 |
||